• 首页
  • 本馆介绍
  • 公告通知
  • 最新文献
  • 馆藏检索
  • 电子资源
  • 读者导购
  • 参考咨询
  • 我的图书馆
  • 登录
  • 详细信息显示
  • 放入我的书架
  • 预约/预借图书
  • 作者相关作品
  • 分类相关作品
  • 丛书相关作品
  • 出版社相关作品

书目信息

  • 表格格式
  • 工作单格式
  • 卡片格式
题名:
拿起批评与自我批评的武器
    
 
作者: 姚桓 , 刘道福 著
分册:  
出版信息: 北京   北京出版社  1991.5
页数: 107页
开本: 19厘米
丛书名: 新时期共产党员修养丛书
单 册:
中图分类: D261.3
科图分类:
主题词: 批评与自我批评--学习参考资料
电子资源:
ISBN: 7-200-01238-6
000 00808nam2 2200265 45
001 0191026259
005 20060809105554.03
010    @a7-200-01238-6@dCNY1.70
100    @a19911029d1991 em y0chiy0121 ea
101 0  @achi
102    @aCN@b110000
105    @ay z 000yy
200 10 @a拿起批评与自我批评的武器@ANA QI PI PING YU ZI WO PI PING DE WU QI@f姚 桓,刘道福著@FYAO HUAN , LIU DAO FU ZHU
210    @a北京@c北京出版社@d1991.5
215    @a107页@d19厘米
225 2  @a新时期共产党员修养丛书
300    @a著者封面题名:姚 恒
410  0 @120010@a新时期共产党员修养丛书
540 1  @a批评@API PING
606    @a批评与自我批评@x学习参考资料
690    @aD261.3
701  0 @a姚桓@AYAO HUAN@4著
701  0 @a刘道福@ALIU DAO FU@4著
801  0 @aCN@bTSSF@c20060809
905    @a10447@dD261.3@e113
    
    拿起批评与自我批评的武器/姚 桓,刘道福著.-北京:北京出版社,1991.5
    107页;19厘米.-(新时期共产党员修养丛书)
    著者封面题名:姚 恒
    
    ISBN 7-200-01238-6:CNY1.70
    
●
相关链接 在E读中查询图书 在五车中查询图书 在当当中查询图书 在豆瓣中查询图书


正题名:拿起批评与自我批评的武器     索取号:D261.3/113         预约/预借

序号 登录号 条形码 馆藏地/架位号 状态 备注
1 0449988   204499881   密集书库/ [索取号:D261.3/113] 在馆    
唐山师范学院图书馆 欢迎您!
大连网信软件有限公司© 版权所有